| 000 | 00559nam a22001817a 4500 | ||
|---|---|---|---|
| 003 | CEME | ||
| 005 | 20210628202557.0 | ||
| 008 | 210209b xxu||||| |||| 00| 0 eng d | ||
| 020 | _a0-7506-5095-8 | ||
| 040 | _c. | ||
| 082 | _a621.38153 CRE | ||
| 100 |
_aCrecraft, D.I Gergely.S _960567 |
||
| 245 | _aAnalog electronics, circuits, systems and signal processing | ||
| 260 |
_aNEW YORK _bBUTTERWORTH HEINEMANN _c2002 |
||
| 300 | _aIX,425P | ||
| 650 |
_aSIGNAL PROCESSING; ANALOG ELECTRONICS SYSTEMS; ANALOG ELECTRONICS CIRCUITS _960568 |
||
| 942 |
_cBK _2ddc |
||
| 999 |
_c570266 _d570266 |
||